[Event "Wch FIDE Online U18 Asia qual"]
[Site "Tornelo INT"]
[Date "2020.12.11"]
[Round "1"]
[White "Yazan, Abo Khalaf"]
[Black "Subrota, Biswas"]
[Result "0-1"]
[WhiteElo "1688"]
[BlackElo "2265"]
[PlyCount "74"]
[EventDate "2020.12.11"]
[EventType "swiss (rapid)"]
[EventRounds "7"]
[EventCountry "ISS"]
[SourceTitle "EXT 2022"]
[Source "ChessBase"]
[SourceDate "2021.10.06"]
[SourceVersion "1"]
[SourceVersionDate "2021.10.06"]
[SourceQuality "1"]

1. d4 d5 2. e3 Nf6 3. f4 Bg4 4. Nf3 e6 5. Be2 c5 6. c3 Nc6 7. 0-0 Bd6 8. h3 Bf5 9. Ne5 cxd4 10. exd4 0-0 11. Nd2 Ne4 12. Nxe4 Bxe4 13. Be3 f5 14. c4 Qh4 15. c5 Bxe5 16. dxe5 d4 17. Bd2 d3 18. Bf3 Nd4 19. Bxe4 fxe4 20. Qe1 Ne2+ 21. Kh2 Qd8 22. Be3 Qd5 23. Rf2 Nd4 24. Rc1 Rfd8 25. Qd2 Qxa2 26. Bxd4 Rxd4 27. f5 exf5 28. Rxf5 Qe6 29. Rcf1 h6 30. Qf2 Rad8 31. Rf8+ Rxf8 32. Qxf8+ Kh7 33. Rf7 Qxe5+ 34. Kh1 d2 35. Rxg7+ Qxg7 36. Qf5+ Kh8 37. Qc8+ Qg8 0-1